Statistics for Pictures A-Z

Click here to take the quiz!

General Stats

  • This quiz has been taken 693 times
  • The average score is 17 of 26

Answer Stats

Answer% Correct
Liberty
91%
Microscope
91%
Equator
90%
Igloo
89%
Armadillo
88%
Jellybean
88%
Kilt
85%
Zipper
80%
Papaya
79%
Yak
79%
Bongos
77%
Cathedral
74%
Darwin
72%
Graffiti
70%
Hermit
69%
Turban
65%
Quail
64%
Urchin
64%
Scale
54%
Rome
53%
Falafel
50%
Octagon
46%
Voltage
35%
Xenon
30%
Nuke
24%
Whiffle ball
17%

Score Distribution

Percentile by Number Answered

Percent of People with Each Score

Your Score History

You have not taken this quiz